| 000 | 00461 a2200193 4500 | ||
|---|---|---|---|
| 003 | OSt | ||
| 005 | 20180116182908.0 | ||
| 008 | 160426b xxu||||| |||| 00| 0 eng d | ||
| 020 | _a616361636163 | ||
| 040 | _c0 | ||
| 082 | _a111 | ||
| 100 | _aSirisha,Aarathy. | ||
| 110 | _aICFAI | ||
| 245 |
_aPerformance Appraisal Management _cICMR Case Collection |
||
| 250 | _aHROB 046 | ||
| 260 |
_aIndia _bICFAI _c2004 |
||
| 300 | _a5p | ||
| 942 |
_aNBS _cCS _k111 _2ddc |
||
| 999 |
_c348041 _d348041 |
||